Kit de fantoches chapeuzinho vermelho (Record no. 116417)

MARC details
000 -LÍDER
campo de controle de tamanho fixo 00368 a2200133 4500
001 - NÚMERO DE CONTROLE
campo de controle 116417
090 ## - NÚMERO DE CHAMADA LOCAL
Número de chamada (OCLC) (R); Número de chamada, CALL (RLIN) (NR) Fantoche 398
040 ## - FONTE DA CATALOGAÇÃO
Instituição da catalogação original BR-BrIDEA
Instituição que transcreveu o registro BR-BrIDEA
245 10 - TÍTULO
Título Kit de fantoches chapeuzinho vermelho
300 ## - DESCRIÇÃO FÍSICA
Extensão Contém 4 fantoches. Chapeuzinho vermelho, vovozinha, caçador e lobo mal.
697 ## - ENTRADA DE ASSUNTO LOCAL--ENTIDADE COLETIVA (RLIN)
Nome corporativo ou nome da jurisdição Fantoche
856 ## - LOCALIZAÇÃO ELETRÔNICA E ACESSO
Uniform Resource Identifier <a href="000003/000003ae.webp">000003/000003ae.webp</a>
942 ## - ELEMENTOS DE ENTRADA ADICIONADOS (KOHA)
Tipo de material Koha Materiais mixtos
Holdings
Situação do descarte Situação das perdas Fonte da classificação ou esquema de arquivamento na estante Situação física Não pode ser emprestado Biblioteca de origem Biblioteca atual Data de aquisição Total de empréstimos Número de chamada completo Código de barras Data de último acesso Data do preço efetivo Tipo de material Koha
    Classificação Decimal de Dewey     ECB - SUDOESTE ECB - SUDOESTE 12/02/2020   Fantoche 398 00048487SSW 23/01/2024 23/01/2024 Materiais mixtos